Pulse and digital circuits

Bibliographic Details
Main Author: Bakshi, Uday A
Format: Book
Published: New Delhi : Technical Publications Pune , [s.n]
Subjects:

MARC

LEADER 00000cam a2200000 7i4500
001 0000039217
005 20131212.0
008 131212
020 |a 8184310420 
090 0 0 |a 621.381534   |b BAK 
100 1 |a Bakshi, Uday A 
245 1 0 |a Pulse and digital circuits   |c Uday A. Bakshi & Atul P. Godse 
260 |a New Delhi :   |b Technical Publications Pune ,   |c [s.n] 
650 0 |a Digital electronics 
650 0 |a Pulse circuits 
999 |a 0001257503   |b Book   |c Adult Collection   |e Perbadanan Perpustakaan Awam Johor